Statistics for Smooth Operator - Sade (All Lyrics)

Click here to take the quiz!

General Stats

  • This quiz has been taken 101 times
    (95 since last reset)
  • The average score is 135 of 180

Answer Stats

Answer% Correct
a
100%
operator
100%
smooth
100%
Smooth
100%
to
97%
ask
95%
he's
93%
need
93%
No
93%
no
93%
we
90%
Chicago
89%
Coast
87%
coast
87%
LA
87%
love
87%
and
84%
boy
80%
the
79%
for
77%
in
75%
lover
75%
western
75%
Diamond
72%
be
70%
joy
70%
Key
70%
life
70%
north
70%
city
69%
heart
69%
across
67%
business
67%
lights
67%
maximum
67%
south
66%
with
66%
minimum
64%
place
64%
you
64%
is
62%
Largo
62%
space
62%
sale
61%
nights
59%
waste
59%
beginners
57%
start
57%
like
56%
move
56%
but
54%
eyes
54%
his
54%
higher
52%
male
52%
somewhere
52%
angels
51%
are
51%
cold
49%
left
49%
your
48%
desire
46%
ending
46%
hearts
46%
hold
46%
or
46%
sentiment
46%
face
44%
Face
44%
sensitive
44%
each
43%
gold
43%
when
43%
all
41%
chance
41%
license
41%
require
41%
streetcar
39%
case
38%
box
36%
heights
36%
insurance
36%
chase
34%
classic
34%
cross
34%
into
34%
change
33%
double
33%
memories
33%
shadow
33%
yet
31%
melts
25%

Score Distribution

Percentile by Number Answered

Percent of People with Each Score

Your Score History

You have not taken this quiz since the last reset